Managerial Paper P4: Organizational management and information system. (Record no. 3014)

MARC details
005 - DATE AND TIME OF LATEST TRANSACTION
control field 20250602124007.0
020 ## - INTERNATIONAL STANDARD BOOK NUMBER
International Standard Book Number 0-7517-1964-1
082 ## - DEWEY DECIMAL CLASSIFICATION NUMBER
Classification number LECT 658.403 CIM
111 ## - MAIN ENTRY--MEETING NAME
Meeting name or jurisdiction name as entry element CIMA
245 ## - TITLE STATEMENT
Title Managerial Paper P4: Organizational management and information system.
250 ## - EDITION STATEMENT
Edition statement 1st Ed.
260 ## - PUBLICATION, DISTRIBUTION, ETC.
Place of publication, distribution, etc. London,
Name of publisher, distributor, etc. BPP professional education,
Date of publication, distribution, etc. 2005.
300 ## - PHYSICAL DESCRIPTION
Extent iii, 187p.: ill.; figure, picture, table,
Dimensions 15cm.
856 ## - ELECTRONIC LOCATION AND ACCESS
Link text Access online book
Electronic name Managerial Paper P4: Organizational management and information system
Path 2005.
942 ## - ADDED ENTRY ELEMENTS (KOHA)
Source of classification or shelving scheme Dewey Decimal Classification
Koha item type Books
Holdings
Date last seen Total checkouts Full call number Barcode Cost, replacement price Price effective from Koha item type Lost status Source of classification or shelving scheme Damaged status Not for loan Withdrawn status Home library Current library Shelving location Date acquired Cost, normal purchase price
06/02/2025   LECT 658.403 CIM 00000010619 77655.00 06/02/2025 Books   Dewey Decimal Classification       College of Business Education Main Library College of Business Education Main Library General Collection 06/02/2025 25885.00